| 000 | 00562nam a2200229 a 4500 | ||
|---|---|---|---|
| 001 | 2753 | ||
| 005 | 20140414131903.0 | ||
| 008 | 050928s19uu xx 00 eng d | ||
| 020 | _a0-590-38604-2 | ||
| 050 |
_aFIC _bB56 1998 |
||
| 100 | _aBlume, Judy | ||
| 245 | _aIt's fine to be nine. | ||
| 260 |
_aNew York : _bScholasic, _c1998. |
||
| 300 | _a130 p. ill. ; cm. | ||
| 700 | _a | ||
| 700 | _aBeverly Cleary | ||
| 700 | _aPatricia Maclachlan | ||
| 700 | _aDaniel Pinkwater | ||
| 700 | _aSusan Shreve | ||
| 700 | _aJerry Spinelli | ||
| 999 |
_c110757 _d110757 |
||